Managing commodity booms and busts (Record no. 41063)

MARC details
000 -LEADER
fixed length control field 00288nam a2200109Ia 4500
082 ## - DEWEY DECIMAL CLASSIFICATION NUMBER
Classification number 339.172
Item number VAR
100 ## - MAIN ENTRY--AUTHOR NAME
Personal name Varangis, Panos
245 #0 - TITLE STATEMENT
Title Managing commodity booms and busts
260 ## - PUBLICATION, DISTRIBUTION, ETC. (IMPRINT)
Place of publication Washington, DC
Name of publisher World Bank
Year of publication 1995
942 ## - ADDED ENTRY ELEMENTS (KOHA)
Koha item type Books
Holdings
Withdrawn status Lost status Damaged status Not for loan Home library Current library Date acquired Cost, normal purchase price Full call number Accession Number Koha item type
      Write off RRII Library RRII Library 16/12/2021 7.95 339.172 VAR 21355 Books